AutoCAD 10.0. Příručka pro uživatele /

Uložené v:
Podrobná bibliografia
Hlavný autor: Herštus, Michal (Autor)
Médium: Kniha
Jazyk:Czech
Vydavateľské údaje: Praha : Grada, 1991
Tagy: Pridať tag
Žiadne tagy, Buďte prvý, kto otaguje tento záznam!

MARC

LEADER 00000nam a22000003a 4500
001 stu32078
005 20150617225733.0
008 950316s1991----cs------------------cze-d
020 |a 80-85424-02-9 
040 |a STU  |b slo 
041 0 |a cze 
044 |a cs 
080 |a 681.3.069 
100 1 |a Herštus, Michal  |4 aut 
245 1 |a AutoCAD 10.0. Příručka pro uživatele /  |c [aut.] Herštus,Michal 
260 |a Praha :  |b Grada,  |c 1991 
300 |a 231 s 
996 |b J88377  |c J*88377  |l JJSK  |s A  |a 24  |w stu32078_0001